New Nepal : (Record no. 36387)
[ view plain ]
| 000 -LEADER | |
|---|---|
| fixed length control field | 01894cam a22002898a 4500 |
| 005 - DATE AND TIME OF LATEST TRANSACTION | |
| control field | 20100114111600.0 |
| 010 ## - LCCN (DPL NO) | |
| LC control number | ENG-96195 B-428452-453 |
| 020 ## - INTERNATIONAL STANDARD BOOK NUMBER | |
| International Standard Book Number | 9788132103165 (hbk.) |
| Terms of availability | 495.00 |
| 035 ## - SYSTEM CONTROL NUMBER | |
| System control number | EN-79728 |
| 035 ## - SYSTEM CONTROL NUMBER | |
| System control number | B-428452-453 |
| 037 ## - SOURCE OF ACQUISITION | |
| Source of stock number/acquisition | DBAD/PUB |
| 037 ## - SOURCE OF ACQUISITION | |
| Source of stock number/acquisition | Researchco Book Centre |
| 082 ## - DEWEY DECIMAL CLASSIFICATION NUMBER | |
| Classification number | 954.96 |
| 100 ## - MAIN ENTRY--PERSONAL NAME | |
| Personal name | Pandey, Nishchal Nath |
| 245 ## - TITLE STATEMENT | |
| Title | New Nepal : |
| Remainder of title | the fault lines / |
| Statement of responsibility, etc | by Nishchal Nath Pandey |
| 260 ## - PUBLICATION, DISTRIBUTION, ETC. (IMPRINT) | |
| Place of publication, distribution, etc | New Delhi |
| Name of publisher, distributor, etc | SAGE Publications |
| Date of publication, distribution, etc | 2010 |
| 300 ## - PHYSICAL DESCRIPTION | |
| Extent | xiv, 164p. |
| Dimensions | 23 cm (Hb) |
| 500 ## - GENERAL NOTE | |
| General note | Includes bibliographical references and index. |
| 505 ## - FORMATTED CONTENTS NOTE | |
| Formatted contents note | People's movement II and its aftermath -- Interim Constitution and repeated amendments -- Maoist triumph -- The fault lines -- Language as a potential source of conflict -- Secularism : onset of religious conflict? -- Security sector governance and future of Nepal Army -- Lack of political culture and legitimacy -- Role of UNMIN -- Rejuvenating the economy -- India and Nepal : partners in progress -- Nepal-China relations : giving an economic thrust. |
| 650 ## - SUBJECT ADDED ENTRY--TOPICAL TERM | |
| Topical term or geographic name as entry element | Political culture |
| Geographic subdivision | Nepal. |
| 650 ## - SUBJECT ADDED ENTRY--TOPICAL TERM | |
| Topical term or geographic name as entry element | Social conflict |
| Geographic subdivision | Nepal. |
| 942 ## - ADDED ENTRY ELEMENTS (KOHA) | |
| Source of classification or shelving scheme | Dewey Decimal Classification |
| Item type | English Books |
| Classification part | 954.96 |
| Call number suffix | PAN |
| Withdrawn status | Lost status | Materials specified (bound volume or other part) | Not for loan | Collection code | Home library | Current library | Date acquired | Source of acquisition | Cost, normal purchase price | Full call number | Barcode | Copy number | Cost, replacement price | Koha item type |
|---|---|---|---|---|---|---|---|---|---|---|---|---|---|---|
| Non-fiction | Central Library | Central Library | 11/08/2011 | Researchco Book Centre/22425/2010-11/17.3.11/76/4.3.11/30.3.11 | 495.00 | 954.96 PAN | B-428452 | 2 | 495.00 | English Books | ||||
| Non-fiction | Central Library | Central Library | 11/08/2011 | Researchco Book Centre/22425/2010-11/17.3.11/76/4.3.11/30.3.11 | 495.00 | 954.96 PAN | B-428453 | 2 | 495.00 | English Books | ||||
| Hb | Not For Loan | Non-fiction | D.B.Act.Division | D.B.Act.Division | 03/05/2010 | DBAD/PUB | 495.00 | 954.96 PAN | EN-79728 | 1 | 495.00 | English Books |
